The Carcus Quiz Stats

Quiz not verified by Sporcle

Challenge
Share
Tweet
Embed
Score 0/9 Timer 10:00
0 Plays Today
Hint Answer % Correct
Is Marc socially awkward?Yes.
100%
Who does Marc like?Sydney
100%
What does Marc wanna change about Sydney?Her last name
66.7%
Does Sydney like Marc?Ohhhhhhh noooooo
66.7%
How does Marc know about games that he doesn't have?He farms on YouTube
33.3%
What color are Marc's bracesInterchangeable
33.3%
What does Marc do when he doesn't have a game?Tells someone else how to play it
0%
What is Marc's favorite thing?Playing video games
0%
What does Marc do that he denies?Farts and laughs
0%

You're not logged in!

Compare scores with friends on all Sporcle quizzes.
Sign Up with Email
OR
Log In

You Might Also Like...

Show Comments

Extras

Top Quizzes Today


Score Distribution

Your Account Isn't Verified!

In order to create a playlist on Sporcle, you need to verify the email address you used during registration. Go to your Sporcle Settings to finish the process.